Sketch City Tips and Inspiration for Drawing on Location (Record no. 242088)

MARC details
000 -LEADER
fixed length control field 00365pam a2200133 a 4500
020 ## - INTERNATIONAL STANDARD BOOK NUMBER
Terms of availability
041 ## - LANGUAGE CODE
Language code of original
082 ## - DEWEY DECIMAL CLASSIFICATION NUMBER
Classification number 743.84
Item number DOP
100 ## - MAIN ENTRY--PERSONAL NAME
Personal name Gingko Press.
245 ## - TITLE STATEMENT
Title Sketch City Tips and Inspiration for Drawing on Location
Medium Textual Documents
260 ## - PUBLICATION, DISTRIBUTION, ETC.
Place of publication, distribution, etc. America :
Name of publisher, distributor, etc. Gingo Press United States of America,
Date of publication, distribution, etc. 2015.
300 ## - PHYSICAL DESCRIPTION
Extent 222:
Other physical details paper.
930 ## - EQUIVALENCE OR CROSS-REFERENCE-UNIFORM TITLE HEADING [LOCAL, CANADA]
Uniform title 8298
Holdings
Withdrawn status Lost status Damaged status Not for loan Collection Home library Current library Date acquired Source of acquisition Cost, normal purchase price Total Checkouts Full call number Barcode Date last seen Copy number Price effective from Koha item type
          College of Fine Arts, Pune College of Fine Arts, Pune 02/03/2018 Bhararti Sahakari Grahak Bhandar 2250.00   743.84 DOP FAP-9221 07/03/2023 1 07/03/2023 Book